Statistiques concernant Trouver le film grâce à son synopsis

Cliquez ici pour prendre le quiz!

Statistiques générales

  • Ce quiz a été pris 704 fois
    (657 depuis la dernière actualisation)
  • Le résultat moyen est 28 sur 50

Statistiques - réponses

SynopsisFilm% Correct
Un jeune et timide être nommé Frodon Sacquet hérite d'un objet magique. Bien loin d'être une simple babiole, il s'agit d'un instrument de pouvoir absolu qui permettrait à Sauron, le Seigneur des ténèbres, de régner sur la Terre du Milieu et de réduire en esclavage ses peuples. Frodon doit ainsi parvenir jusqu'à la Crevasse du Destin pour détruire l'objet.Le seigneur des anneaux
95%
C'est l'histoire de deux jeunes passagers sur un paquebot. La première est une passagère de première classe qui tente de se suicider pour se libérer des contraintes imposées par son entourage. Et le second, est un vagabond embarqué à la dernière minute en troisième classe pour retourner aux États-Unis. Ils se rencontrent par hasard lors de la tentative de suicide de l'héroïne et vivent une histoire d'amour vite troublée par le naufrage du navire.Titanic
88%
C’est l’histoire d’un petit robot vivant seul sur Terre depuis que l’humanité a déserté la planète il y a 700 ans, et ayant pour mission de la nettoyer afin qu’elle soit de nouveau habitable. Mais ce robot a développé un petit défaut technique : une forte personnalité. Curieux et indiscret, il est surtout très seul. Sa vie va être bouleversée avec l'arrivée d'Eve, une petite robote qu’il va tenter de séduire.Wall e
85%
Le fils du roi des animaux vient de naître. Son oncle est jaloux car il aimerait lui aussi régner. Il invente une ruse qui aboutira sur la mort du roi. Le jeune fils, témoin de la mort de son père, et s'en croyant responsable, va fuir sa horde.Le roi lion
80%
Une famille décide de s'offrir un voyage à Paris pour les fêtes de fin d'année. Le grand départ se fait de manière un peu précipitée et les parents oublient leur plus jeune fils âgé de neuf ans à la maison. Pour ce dernier, c'est un réel bonheur d'être seul, mais sa tranquillité ne va pas durer longtemps.Maman, j'ai raté l'avion !
79%
L’action se déroule en 2154 sur Pandora, une des lunes de Polyphème. L’exolune est le théâtre du choc entre des humains, venus exploiter un minerai rare susceptible de résoudre la crise énergétique sur Terre. Les Na’vis, le peuple vivant sur Pandora tentent de se défendre face à l’invasion des humains. Ces derniers créent donc un programme qui va leur permettre de contrôler des corps Na’vi afin de s’insérer dans la population et de tenter de négocier avec elle.Avatar
77%
Chargés de protéger la Terre de toute infraction extraterrestre et de réguler l'immigration intergalactique sur notre planète, des agents opèrent dans le plus grand secret. Vêtus de costumes sombres et équipés des toutes dernières technologies, ils passent inaperçus aux yeux des humains dont ils effacent régulièrement la mémoire récente.Men in Black
75%
C’est l’histoire d’un homme qui raconte la fabuleuse histoire de sa vie aux différents interlocuteurs qui viennent s'asseoir tour à tour à côté de lui sur un banc. Sa vie est à l'image d'une plume qui se laisse porter par le vent, tout cet homme se laisse porter par les événements qu'il traverse dans l'Amérique de la seconde moitié du 20e siècle.Forrest Gump
74%
Ne pas réveiller le chat qui dort, c'est ce que le milliardaire John Hammond aurait dû se rappeler avant de se lancer dans le clonage de dinosaures. C'est à partir d'une goutte de sang absorbée par un moustique fossilisé que John Hammond et son équipe ont réussi à faire renaître une dizaine d'espèces de dinosaures.Jurassic Park
72%
Une nuit, un professeur spécialiste de l'étude des symboles, est appelé d'urgence au musée du Louvre : le conservateur du musée a été assassiné, mais avant de mourir, il a laissé derrière lui de mystérieux symboles. Avec l'aide d’une cryptologue il va mener l'enquête et découvrir des signes dissimulés dans les œuvres de Léonard de Vinci. Tous les indices convergent vers une organisation religieuse aussi mystérieuse que puissante, prête à tout pour protéger un secret capable d'anéantir un dogme bimillénaire.Da Vinci Code
70%
Le général romain Maximus est le plus fidèle soutien de l'empereur Marc Aurèle, qu'il a conduit de victoire en victoire. Jaloux du prestige de Maximus, et plus encore de l'amour que lui voue l'empereur, le fils de Marc Aurèle, Commode, s'arroge brutalement le pouvoir, puis ordonne l'arrestation du général et son exécution. Maximus échappe à ses assassins, mais ne peut empêcher le massacre de sa famille. Capturé par un marchand d'esclaves, il jure de préparer sa vengeance.Gladiator
69%
Programmeur anonyme dans un service administratif le jour, Thomas Anderson devient Neo la nuit venue. Sous ce pseudonyme, il est l'un des pirates les plus recherchés du cyber-espace. À cheval entre deux mondes, Neo est assailli par d'étranges songes et des messages cryptés provenant d'un certain Morpheus.Matrix
69%
L'histoire se déroule en 1981 et suit les aventures d’Arthur Fleck travaillant dans une agence de clowns. Méprisé et incompris par ceux qui lui font face, il mène une morne vie en marge de la société et habite dans un immeuble miteux avec sa mère. Un soir, il se fait agresser dans le métro par trois hommes alcoolisés qui le brutalisent, le poussant à les tuer en retour. Son geste inspire à une partie de la population l'idée de s'en prendre eux aussi aux puissants ; Arthur bascule peu à peu dans la folie et finit par devenir un dangereux tueur psychopathe victime d'hallucinations.Joker
68%
Paul Edgecomb, pensionnaire centenaire d'une maison de retraite, est hanté par ses souvenirs. Gardien-chef du pénitencier de Cold Mountain, en 1935, en Louisiane, il était chargé de veiller au bon déroulement des exécutions capitales au bloc E en s'efforçant d'adoucir les derniers moments des condamnés. Parmi eux se trouvait un colosse du nom de John Coffey, accusé du viol et du meurtre de deux fillettes.La ligne verte
68%
Rand Peltzer offre à son fils Billy un étrange animal : un mogwai. Son ancien propriétaire l'a bien mis en garde : il ne faut pas l'exposer à la lumière, lui éviter tout contact avec l'eau, et surtout, surtout ne jamais le nourrir après minuit sinon il pourrait y avoir des soucis.Gremlins
66%
Un robot d'aspect humain est envoyé d'un futur où sa race livre aux hommes une guerre sans merci. Sa mission est de trouver et d'éliminer Sarah Connor avant qu'elle ne donne naissance à John, appelé à devenir le chef de la résistance. Cette dernière envoie un de ses membres, Reese, aux trousses du cyborg.Terminator
66%
C’est l’histoire d’un jeune homme milliardaire, héritier des usines d’armement de son père. Alors qu'il est en déplacement en Afghanistan afin de présenter sa dernière création, il est enlevé par des terroristes. Gravement blessé lors de l'attaque, il survit grâce à la greffe à la poitrine d’un électro-aimant alimenté par une batterie de voiture afin d’empêcher des éclats d’obus d’atteindre son cœur.Iron Man
65%
Au cours d'une cérémonie de mariage en plein désert, un commando fait irruption dans la chapelle et tire sur les convives. Laissée pour morte, la Mariée enceinte retrouve ses esprits après un coma de quatre ans. Celle qui a auparavant exercé les fonctions de tueuse à gages au sein du Détachement International des Vipères Assassines n'a alors plus qu'une seule idée en tête : venger la mort de ses proches en éliminant tous les membres de l'organisation criminelle.Kill Bill
65%
À Derry, dans le Maine, sept gamins ayant du mal à s'intégrer se sont regroupés au sein du Club des Ratés. Rejetés par leurs camarades, ils sont les cibles favorites des gros durs de l'école. Ils ont aussi en commun d'avoir éprouvé leur plus grande peur face à une terrible créature qui émerge des égouts tous les 27 ans pour se nourrir des terreurs de ses victimes de choix : les enfants.Ca
62%
Alors que les forces alliées débarquent à Omaha Beach, Miller doit conduire son escouade derrière les lignes ennemies pour une mission particulièrement dangereuse : trouver et ramener sain et sauf un simple soldat nommé James, dont les trois frères sont morts au combat. Pendant que l'escouade progresse en territoire ennemi, les hommes de Miller se posent des questions. Faut-il risquer la vie de huit hommes pour en sauver un seul ?Il faut sauver le soldat Ryan
62%
Un jeune étudiant mène une existence anonyme, auprès de sa petite amie Jennifer, seulement troublée par sa famille en crise et un proviseur qui serait ravi de l'expulser du lycée. Ami d’un excentrique professeur, il l'accompagne tester sa nouvelle expérience : le voyage dans le temps. Mais la démonstration tourne mal : des trafiquants d'armes débarquent et assassinent le scientifique.Retour vers le futur
62%
Un psychopathe connu sous le nom de Buffalo Bill sème la terreur dans le Middle West en kidnappant et en assassinant de jeunes femmes. Clarice Starling, une jeune agent du FBI, est chargée d'interroger l'ex-psychiatre Hannibal Lecter. Psychopathe redoutablement intelligent et porté sur le cannibalisme, Lecter est capable de lui fournir des informations concernant Buffalo Bill ainsi que son portrait psychologique. Mais il n'accepte de l'aider qu'en échange d'informations sur la vie privée de la jeune femme. Entre eux s'établit un lien de fascination et de répulsion.Le silence des agneaux
60%
Regan, âgée de 12 ans, souffre d'inquiétants troubles du comportement. Après de nombreux examens médicaux, sa mère Chris MacNeil sollicite l'aide d'un jeune prête psychiatre, le Père Karras qui lui apprend que la jeune fille est possédée par le diable.L'exorciste
60%
Jack Torrance, gardien d'un hôtel fermé l'hiver, sa femme et son fils Danny s'apprêtent à vivre de longs mois de solitude. Danny, qui possède un don de médium, est effrayé à l'idée d'habiter ce lieu, théâtre marqué par de terribles évènements passés...Shining
60%
Après deux ans passés dans la prison du New Jersey, Danny retrouve la liberté et s'apprête à monter un coup qui semble impossible à réaliser : cambrioler dans le même temps les casinos Bellagio, Mirage et MGM Grand, avec une jolie somme de 150 millions de dollars à la clé. Il souhaite également récupérer Tess, sa bien-aimée que lui a volée Terry Benedict, le propriétaire de ces trois somptueux établissements.Ocean's Eleven
59%
Les aventures dans un vieux et lugubre manoir d’une famille dont les membres, tous plus fous et délirants les uns que les autres, ressemblent davantage à des morts qu'à des vivants. Il y a 25 ans, l'oncle Fester a disparu des suites d'une histoire de rivalité amoureuse. Tous le regrettent, et voici qu'il réapparaît. Est-ce lui ou un imposteur ?La famille Addams
58%
Un ancien esclave s'associe avec un chasseur de primes d'origine allemande qui l'a libéré : il accepte de traquer avec lui des criminels recherchés. En échange, il l'aidera à retrouver sa femme perdue depuis longtemps et esclave elle-aussi.Django Unchained
56%
Peter Quill est un aventurier traqué par tous les chasseurs de primes pour avoir volé un mystérieux globe convoité par le puissant Ronan, dont les agissements menacent l'univers tout entier. Lorsqu'il découvre le véritable pouvoir de ce globe et la menace qui pèse sur la galaxie, il conclut une alliance fragile avec quatre extraterrestres disparates.Les Gardiens de la Galaxie
55%
En 1954, une meurtrière, extrêmement dangereuse, placée en centre de détention psychiatrique disparaît sur une mystérieuse île. Deux officiers du corps fédéral des marshals, Teddy Daniels et Chuck Aule, sont envoyés sur place pour enquêter. Très vite, Teddy Daniels comprend que le personnel de l'établissement cache quelque chose. Seul indice dont il dispose : un bout de papier sur lequel est griffonnée une suite de chiffres entrecoupée de lettres.Shutter Island
54%
En mission à bord de la navette Explorer, l'astronaute Matt Kowalski et le docteur Ryan Stone, experte en ingénierie médicale, sortent de l'appareil afin d'effectuer des réparations sur le télescope Hubble. Kowalski est un spationaute chevronné ; Stone, elle, effectue sa première mission dans l'espace. Bientôt, l'un et l'autre sont pris dans une gigantesque tempête de débris provenant de la destruction d'un satellite.Gravity
51%
L'odyssée sanglante et burlesque de petits malfrats dans la jungle de Hollywood à travers trois histoires qui s'entremêlent. Dans un restaurant, un couple de jeunes braqueurs, Pumpkin et Yolanda, discutent des risques que comporte leur activité. Deux truands, Jules Winnfield et son ami Vincent Vega, qui revient d'Amsterdam, ont pour mission de récupérer une mallette au contenu mystérieux et de la rapporter à Marsellus Wallace.Pulp Fiction
51%
Durant le voyage de retour d'un immense cargo spatial en mission commerciale de routine, ses passagers, cinq hommes et deux femmes plongés en hibernation, sont tirés de leur léthargie dix mois plus tôt que prévu par Mother, l'ordinateur de bord. Ce dernier a en effet capté dans le silence interplanétaire des signaux sonores, et suivant une certaine clause du contrat de navigation, les astronautes sont chargés de prospecter tout indice de vie dans l'espace.Alien
49%
À quelques jours du début de la saison estivale, les habitants de la petite station balnéaire d'Amity sont en émoi face à la découverte, sur le littoral, du corps atrocement mutilé d'une jeune vacancière. Le chef de la police décide alors d'interdire l'accès des plages mais se heurte à l'hostilité du maire, uniquement intéressé par l'afflux des touristes.Les dents de la mer
49%
Sur les autoroutes désertées d'une Australie méconnaissable, une guerre sans merci oppose motards hors-la-loi et policiers Interceptor, qui tentent de triompher de la vermine au volant de voitures aux moteurs surgonflés. Dans ce monde en pleine décadence, les bons, les méchants, le manichéisme disparaissent...Mad Max
47%
Dans un futur proche, la Terre est de moins en moins accueillante pour l'humanité qui connaît une grave crise alimentaire. Le film raconte les aventures d'un groupe d'explorateurs qui utilise une faille récemment découverte dans l'espace-temps afin de repousser les limites humaines et partir à la conquête des distances astronomiques dans un voyage cosmique.Interstellar
46%
Le film suit les aventures d’un chauffeur pour des braqueurs de banque qui a un truc pour être le meilleur dans sa partie : il roule au rythme de sa propre playlist. Lorsqu'il rencontre la fille de ses rêves, il cherche à mettre fin à ses activités criminelles pour revenir dans le droit chemin. Il est forcé de travailler pour un grand patron du crime et le braquage tourne mal. Désormais, sa liberté, son avenir avec la fille qu'il aime et sa vie sont en jeu.Baby Driver
44%
Au coeur de Los Angeles, une actrice en devenir prénommée Mia sert des cafés entre des auditions. De son côté, Sebastian, passionné de jazz, joue du piano dans des clubs miteux pour assurer sa subsistance. Tous deux sont bien loin de la vie rêvée à laquelle ils aspirent, mais ils développent des sentiments amoureux l'un pour l'autre.La La Land
42%
Eddie Brock est un journaliste d'enquête très connu à San Francisco. Après avoir fait déraper une entrevue avec Carlton Drake, le fondateur de la puissante compagnie Life Foundation, il perd son emploi. Quelques mois plus tard, quand une employée de Drake le rejoint afin de lui faire part des dangereuses expériences qui sont menées dans les laboratoires de la Life Foundation, Eddie se rend sur place pour investiguer. Il entrera alors en contact avec un symbiote venu d'une autre planète le faisant devenir quelque chose d'autre.Venom
42%
En Egypte en 1914, des extraterrestres récupèrent quatre pierres magiques, symboles des quatre éléments, jadis confiées à des prêtres. Avant de partir, les extraterrestres promettent que dans 300 ans, ils rapporteront les précieux cailloux. Au XXIIIe siècle, alors qu'ils font route vers la Terre, ils sont anéantis par la planète du Mal. Les habitants de ce monde maléfique, les Mangalores, s'emparent des pierres et foncent vers la Terre.Le cinquième élément
41%
Pendant la Guerre de Sécession, trois hommes, préférant s'intéresser à leur profit personnel, se lancent à la recherche d'un coffre contenant 200 000 dollars en pièces d'or volés à l'armée sudiste. Tuco sait que le trésor se trouve dans un cimetière, tandis que Joe connaît le nom inscrit sur la pierre tombale qui sert de cache. Chacun a besoin de l'autre. Mais un troisième homme entre dans la course : Setenza, une brute qui n'hésite pas à massacrer femmes et enfants pour parvenir à ses fins.Le bon, la brute et le truand
40%
L’aventure se déroule en 1999 sur l'île grecque de Kalokairi, dans un hôtel méditerranéen isolé tenu par Donna, sa fille Sophie et le fiancé de Sophie, Sky. Juste à temps pour son mariage prochain, Sophie poste nerveusement trois invitations destinées à trois hommes bien différents dont elle pense que l'un d'eux est son père. De trois points du globe, trois hommes s'apprêtent à retourner sur l'île et vers la femme qui les avait enchantés 20 ans auparavant.Mamma Mia
40%
La fille de sept ans de la famille des Hoover se rêve en reine de beauté. Quand elle décroche une invitation à concourir pour un titre très sélectif en Californie, toute la famille décide de faire corps derrière elle. Les voilà donc entassés dans leur break Volkswagen rouillé, ils mettent le cap vers l'ouest et entament un voyage de trois jours qui les mettra aux prises avec des événements inattendus.Little miss sunshine
38%
L’histoire se déroule en 1983 en Italie du Nord. Elio, jeune Italo-Américain de 17 ans et Oliver un étudiant américain de 24 ans venu trouver l’inspiration en vue de terminer l’écriture de son livre, vivent une histoire d'amour le temps d'un été.Call me by your name
36%
Elisa Esposito est muette. Elle travaille dans un laboratoire gouvernemental ultrasecret comme concierge. Elle mène une existence routinière et sans histoire mais sa vie bascule à jamais lorsqu'elle et sa collègue Zelda découvrent une expérience encore plus secrète que les autres : elle découvre l'existence d'une créature amphibie cachée dans l'un des bassins de l'établissement.La forme de l'eau
36%
Dans une Angleterre futuriste et inhumaine, un groupe d'adolescents se déchaînent chaque nuit, frappant et violant d'innocentes victimes. Alex, le leader du gang est arrêté et condamné à 14 ans de prison. Il accepte de se soumettre à une thérapie de choc destinée à faire reculer la criminalité.Orange mécanique
36%
Alors que les Etats-Unis s'embourbent dans le conflit vietnamien, les services secrets confient au lieutenant Willard la mission de traquer et de tuer le Colonel Kurtz.Apocalypse Now
34%
Dans les dernières années du 20e siècle, des milliers d'hommes et de femmes partent à la conquête de l'espace, fuyant les mégalopoles devenues insalubres. Sur les colonies, une nouvelle race d'esclaves voit le jour : les répliquants, des androïdes que rien ne peut distinguer de l'être humain. Après une révolte sanglante et inexpliquée des réplicants dans une colonie martienne, ils sont interdits sur Terre. Des unités policières spéciales interviennent alors pour faire respecter la loi pour les contrevenants androïdes.Blade Runner
27%
Amanda est directrice d'une agence de publicité à Los Angeles, et Iris est rédactrice dans un tabloïd anglais. Les deux femmes étant déçues des hommes, elles décident d’échanger leurs maisons respectives par Internet pendant les fêtes de fin d'année bien qu’elles ne se connaissent pas.The Holiday
27%
En quête d'un titre de noblesse, les fortunés Van Dort ont arrangé le mariage de leur fils, Victor, avec Victoria, la fille d'un couple d'aristocrates ruinés. Les jeunes gens se rencontrent pour la première fois lors de la répétition de la cérémonie de leur mariage et, une chance pour eux, se plaisent énormément. Victor, nerveux, ne parvient pas alors à réciter sans hésitation son sermentLes noces funèbres
19%
Marion Crane et Sam Loomis sont amants mais le manque d'argent compromet leur mariage. Sam doit verser une pension alimentaire à son ex-femme et éponger les dettes de son père. Marion supporte de plus en plus mal cet amour se limitant à des rencontres furtives. De retour au bureau, elle assiste à une transaction immobilière entre un riche client et son patron, qui la charge de déposer à la banque 40.000 dollars.Psychose
15%

Distribution des résultats

Percentile par nombre de réponses

% des personnes avec chaque résultat

Votre développement - résultats

Vous n’avez pas pris ce quiz depuis la dernière actualisation